000 00352 a2200157 4500
001 161513
020 _a
040 _cMagnum
100 _aFranca, Eliardo
240 1 0 _aMane coelho e a coisa que caiu do ceu
_lpor
245 1 0 _aMane coelho e a coisa que caiu do ceu
362 0 _a1899
440 1 _aEdiouro
697 _aI/ANIMAIS
942 _cBK
999 _c161513
_d161513